000 00882cad a22001935a 4500
001 E153268
008 110704s2008 xxk f 000 0 eng d
035 _a(Sirsi) u153268
041 0 _aeng
110 2 _aScottish Civic Trust
_92679
245 0 0 _aWindows
_ba frame of mind, a guide to window repair and replacement
_h[electronic resource]
260 _aGlasgow
_bScottish Civic Trust
_c2008
520 _aLooks at the repair and maintenance of traditional windows, and examines some of the myths about timber windows, for example that they require more maintenance than upvc windows.
590 _aKA
651 4 _aScotland
_y1999-
690 _aBUILT ENVIRONMENT-BUILDING ELEMENTS-PARTS OF BUILDING ELEMENTS-OPENINGS
856 4 0 _uhttps://www.scottishcivictrust.org.uk/media/92495/window%20pub1.pdf
_zView the item free of charge at www.scottishcivictrust.org.uk
942 _n0
999 _c112442
_d112442